000 00595nam a22001817a 4500
999 _c4156
_d4156
003 GBCCL
005 20241126110512.0
008 180115b xxu||||| |||| 00| 0 eng d
040 _cgbc
082 _aVER 227.8307
_bLUA
100 _aLuaichinthang
_97248
245 _aI & II Timothi, Tita leh Filemon kianga Paul Laikhak Hilhchetna /
_cLuaichinthang
260 _aLamka:
_bEvangelical Book House,
_c1990
300 _a414 p.;
_c18 cm.
440 _aSaptuam Laisiangthou Hilhchetna
_97247
650 _aBible
_vNew Testament
_vI & II Timothy, Titus, Philemon
_xCommentary
_97920
942 _2ddc
_cBK
_07